000 00676nam a2200265Ia 4500
005 20260302115655.0
008 008 260114s9999 xx 000 0 eng d
020 _a9781350934252
037 _aTextbook
040 _aCRL
040 _beng
040 _cCRL
041 _2eng
041 _aeng
084 _qCRL
100 _aAnastasia Liasidou
_91122304
245 0 _aInclusive Education, Politics and Policymaking
260 _bBloomsbury
260 _bContinuum
260 _c2012
650 _aEducation
856 _uhttps://doi.org/10.5040/9781350934252?locatt=label:secondary_bloomsburyCollections
942 _cEBOOK
999 _c1687077
_d1687077